000 00592nam a2200181Ia 4500
003 IN-BaIIA
008 211028s9999 xx 000 0 eng d
040 _cIIA Library
080 _a535.6
_bCHA
100 _aChakravarthi, T. P
_920775
245 4 _aThe universe of colour
_bmodern western and ancient Indian perspective
_cT. P Chakravarthi
260 _aCalcutta
_bPatual Chakravarthi
_c1978
300 _axxxviii, 462p.
650 _aColour blindness
_920776
650 _aColour sensation
_920777
650 _aColour vision
_913312
942 _cBK
999 _c11943
_d11943